|
|
|
|
| LEADER |
00000nab a2200000 a 4500 |
| 001 |
vtls000991715 |
| 003 |
SK-MaSNL |
| 005 |
20260304145810.0 |
| 008 |
250505c2004 xo |||p|||| |00 b|slo |
| 015 |
|
|
|a SNBRB2004/12
|2 snkbucl
|
| 035 |
|
|
|a (uuid)f5c93b7e-f407-4681-9b8e-c6e9c1eeb525
|
| 035 |
|
|
|a urn:nbn:sk:snk-ab7hvg
|
| 035 |
|
|
|a (urnnbn)urn:nbn:sk:snk:ar-005t8i
|
| 038 |
|
|
|a SNKBUCL
|
| 040 |
|
|
|a SNKBUCL
|b slo
|c SNKBUCL
|e AACR2
|
| 041 |
0 |
|
|a slo
|
| 044 |
|
|
|a xo
|c SK
|
| 080 |
|
|
|a 930.25:050
|x (497.2)
|2 1997
|
| 080 |
|
|
|a 050:930.25
|x (497.2)
|2 1997
|
| 100 |
1 |
|
|a Churý, Slavko,
|d 1935-2006
|4 aut
|9 197607
|
| 245 |
1 |
0 |
|a Izvestija na dâržavnite archivi
|c Slavko Churý
|
| 630 |
0 |
7 |
|a Izvestija na dâržavnite archivi (časopis)
|2 snkbucl
|9 1418650
|
| 650 |
0 |
7 |
|a archívne časopisy
|2 snkbucl
|9 1183613
|
| 650 |
0 |
7 |
|a bulharské časopisy
|2 snkbucl
|9 1418651
|
| 655 |
|
7 |
|a anotácie
|2 snkbucl
|9 51989
|
| 773 |
0 |
|
|t Slovenská archivistika
|g Roč. XXXIX, č. 2 (2004), s. 161-162
|x 0231-6722
|
| 850 |
|
|
|a Slovenská národná knižnica
|
| 852 |
|
|
|a Slovenská národná knižnica
|
| 954 |
|
|
|a odborná, vedecká literatúra pôvodná (slovenská)
|2 lita
|
| 958 |
|
|
|a article7
|
| 958 |
|
|
|a OND
|
| 958 |
|
|
|a BG
|
| 958 |
|
|
|a EUIPO
|
| 999 |
|
|
|c 2936935
|d 2938865
|